| 000 | 00796nam a2200241 i 4500 | ||
|---|---|---|---|
| 001 | 000022309 | ||
| 003 | DO-SdBNP | ||
| 005 | 20241025135412.0 | ||
| 007 | ta | ||
| 008 | 100927s1982 dr a 001 0 spa d | ||
| 040 |
_aDO-SdBNP _bspa _cBNPHU _erda |
||
| 049 | _aBNPD | ||
| 082 | 4 |
_axxx _bxxx _222 |
|
| 245 | 0 | 0 |
_aRelatos de la resistencia / _cprólogo, Guillermina M. de Puigsubira. |
| 264 | 4 |
_aSanto Domingo : _bEditora Fundación de los Héroes de Constanza, Maimón y Estero Hondo, _c1982. |
|
| 300 |
_a239 páginas : _bilustraciones ; _c22 cm. |
||
| 336 |
_atexto _btxt _2rdacontent |
||
| 337 |
_asin mediación _bn _2rdamedia |
||
| 338 |
_avolumen _bnc _2rdacarrier |
||
| 590 | _aInventariado, 2024/BT | ||
| 700 | 1 |
_aPuigsubira, Guillermina M., _eprologuista _4pr. _946072 |
|
| 942 |
_2ddc _cLBS1 |
||
| 999 |
_c21807 _d21807 |
||